El Sistema educativo en América Latina/

Shranjeno v:
Bibliografske podrobnosti
Glavni avtor: Nassif, Ricardo
Drugi avtorji: Rama, Germán W., Tedesco, Juan Carlos
Format: Neznan
Izdano: Buenos Aires: Editorial Kapelusz
Teme:
Oznake: Označite
Brez oznak, prvi označite!

MARC

LEADER 00000 a2200000 04500
001 14042
003
008 991231s d
040
020 |a [sin ISBN]  
022 |a [sin ISBN]  
090 |a 0001 T256s  
100 |a Nassif, Ricardo  
245 |a El Sistema educativo en América Latina/  |c Ricardo Nassif 
260 |a Buenos Aires:   |b Editorial Kapelusz  
650 |a EDUCACION GENERAL  
650 |a SISTEMAS DE ENSEÑANZA  
650 |a PAUL FREIRE@EDUCACION DE MASAS  
650 |a AUTORITARISMO  
700 |a Rama, Germán W.  
700 |a Tedesco, Juan Carlos  
999 |c 12654  |d 12654